Statistics for Premier League XIs 2015-16

Click here to take the quiz!

General Stats

  • This quiz has been taken 154 times
    (103 since last reset)
  • The average score is 82 of 220

Answer Stats

PositionAnswerClub% Correct
GKDavid de GeaManchester United
84%
STHarry KaneTottenham Hotspur
84%
STJamie VardyLeicester City
84%
MFN'Golo KantéLeicester City
84%
GKHugo LlorisTottenham Hotspur
82%
GKJoe HartManchester City
82%
GKPetr ČechArsenal
82%
MFRiyad MahrezLeicester City
80%
DFJohn TerryChelsea
78%
GKKasper SchmeichelLeicester City
78%
STSergio AgüeroManchester City
78%
MFDanny DrinkwaterLeicester City
76%
MFMesut ÖzilArsenal
76%
DFWes MorganLeicester City
76%
DFChristian FuchsLeicester City
75%
MFEden HazardChelsea
75%
GKSimon MignoletLiverpool
75%
GKThibaut CourtoisChelsea
75%
STDiego CostaChelsea
73%
DFKyle WalkerTottenham Hotspur
73%
STWayne RooneyManchester United
73%
DFDanny SimpsonLeicester City
71%
DFJan VertonghenTottenham Hotspur
71%
MFKevin De BruyneManchester City
71%
MFMarc AlbrightonLeicester City
71%
STShinji OkazakiLeicester City
71%
MFJames MilnerLiverpool
69%
STOlivier GiroudArsenal
69%
DFRobert HuthLeicester City
69%
MFChristian EriksenTottenham Hotspur
67%
DFNathaniel ClyneLiverpool
67%
MFRaheem SterlingManchester City
67%
DFToby AlderweireldTottenham Hotspur
67%
DFHector BellerinArsenal
65%
DFLaurent KoscielnyArsenal
65%
MFPhilippe CoutinhoLiverpool
65%
MFSadio ManéSouthampton
65%
STWilfried ZahaCrystal Palace
65%
MFAlexis SanchezArsenal
63%
DFBilly JonesSunderland
63%
MFMoussa DembéléTottenham Hotspur
63%
MFNemanja MatićChelsea
63%
DFPer MertesackerArsenal
63%
STRoberto FirminoLiverpool
63%
STRomelu LukakuEverton
63%
DFAleksandar KolarovManchester City
61%
DFCésar AzpilicuetaChelsea
61%
MFCesc FabregasChelsea
61%
MFDele AlliTottenham Hotspur
61%
MFEric DierTottenham Hotspur
61%
DFGlen JohnsonStoke City
61%
DFSeamus ColemanEverton
61%
GKTim HowardEverton
61%
MFAaron RamseyArsenal
59%
DFBacary SagnaManchester City
59%
DFDanny RoseTottenham Hotspur
59%
DFDejan LovrenLiverpool
59%
STDiafra SakhoWest Ham United
59%
MFJuan MataManchester United
59%
DFMamadou SakhoLiverpool
59%
DFNicolas OtamendiManchester City
59%
DFVirgil Van DijkSouthampton
59%
MFWillianChelsea
59%
MFYaya ToureManchester City
59%
DFAlberto MorenoLiverpool
57%
MFAnthony MartialManchester United
57%
GKFraser ForsterSouthampton
57%
MFAdam LallanaLiverpool
55%
DFBranislav IvanovićChelsea
55%
MFEmre CanLiverpool
55%
MFFernandinhoManchester City
55%
DFJohn StonesEverton
55%
DFNacho MonrealArsenal
53%
DFJoel WardCrystal Palace
51%
GKŁukasz FabiańskiSwansea City
51%
MFMark NobleWest Ham United
49%
DFPhil JagielkaEverton
49%
MFAnder HerreraManchester United
47%
DFChris SmallingManchester United
47%
DFMatteo DarmianManchester United
47%
DFMichael CarrickManchester United
47%
MFPedroChelsea
47%
MFVictor WanyamaSouthampton
47%
DFAdam SmithBournemouth
45%
DFDaley BlindManchester United
45%
MFMorgan SchneiderlinManchester United
45%
MFGareth BarryEverton
43%
MFGeorginio WijnaldumNewcastle United
43%
STGraziano PellèSouthampton
43%
MFGylfi SigurðssonSwansea City
43%
MFÉrik LamelaTottenham Hotspur
41%
STJermain DefoeSunderland
41%
STJosh KingBournemouth
41%
DFKurt ZoumaChelsea
41%
MFLucas LeivaLiverpool
41%
MFMichail AntonioWest Ham United
41%
DFAaron CresswellWest Ham United
39%
MFJesse LingardManchester United
39%
DFJonny EvansWest Bromwich Albion
39%
MFRoss BarkleyEverton
39%
MFXherdan ShaqiriStoke City
39%
STAndre AyewSwansea City
37%
DFAshley WilliamsSwansea City
37%
GKJack ButlandStoke City
37%
MFJames McCarthyEverton
37%
DFJoleon LescottAston Villa
37%
STJordan AyewAston Villa
37%
MFMoussa SissokoNewcastle United
37%
MFDimitri PayetWest Ham United
35%
MFDušan TadićSouthampton
35%
DFEliaquim MangalaManchester City
35%
MFJesús NavasManchester City
35%
DFMicah RichardsAston Villa
35%
DFSteve CookBournemouth
35%
STTroy DeeneyWatford
35%
GKHeurelho GomesWatford
33%
STShane LongSouthampton
31%
MFFrancis CoquelinArsenal
29%
DFJosé FonteSouthampton
29%
DFRussell MartinNorwich City
29%
GKAdriánWest Ham United
27%
GKArtur BorucBournemouth
27%
GKBrad GuzanAston Villa
27%
MFJames McArthurCrystal Palace
27%
MFJunior StanislasBournemouth
27%
MFManuel LanziniWest Ham United
27%
DFRyan BertrandSouthampton
27%
GKWayne HennesseyCrystal Palace
27%
DFWinston ReidWest Ham United
27%
MFAaron LennonEverton
25%
DFCraig DawsonWest Bromwich Albion
25%
MFIdrissa GueyeAston Villa
25%
DFNeil TaylorSwansea City
25%
DFRyan ShawcrossStoke City
25%
MFÉtienne CapoueWatford
24%
DFJames TomkinsWest Ham United
24%
DFJohn O'SheaSunderland
24%
DFNathan AkéWatford
24%
STOdion IghaloWatford
24%
MFTom CleverleyEverton
24%
STAleksandar MitrovićNewcastle United
22%
DFAngelo OgbonnaWest Ham United
22%
DFCharlie DanielsBournemouth
22%
STFabio BoriniSunderland
22%
DFFabricio ColocciniNewcastle United
22%
DFGabriel PaulistaArsenal
22%
DFPatrick Van AanholtSunderland
22%
STSalomón RondónWest Bromwich Albion
22%
STAyoze PérezNewcastle United
20%
MFCheikhou KouyatéWest Ham United
20%
MFDarren FletcherWest Bromwich Albion
20%
DFPaul DummettNewcastle United
20%
DFScott DannCrystal Palace
20%
MFYala BolasieCrystal Palace
20%
DFAngel RangelSwansea City
18%
DFCédric SoaresSouthampton
18%
DFCraig CathcartWatford
18%
MFJack ColbackNewcastle United
18%
MFMarko ArnautovićStoke City
18%
MFSteven DavisSouthampton
18%
DFDaryl JanmaatNewcastle United
16%
DFFederico FernándezSwansea City
16%
MFHarry ArterBournemouth
16%
MFMile JedinakCrystal Palace
16%
DFSimon FrancisBournemouth
16%
MFAndrew SurmanBournemouth
14%
MFChris BruntWest Bromwich Albion
14%
DFErik PietersStoke City
14%
MFGlenn WhelanStoke City
14%
GKJohn RuddyNorwich City
14%
MFLee CattermoleSunderland
14%
GKVito MannoneSunderland
14%
DFAlan HuttonAston Villa
12%
STBojan KrkićStoke City
12%
MFClaudio YacobWest Bromwich Albion
12%
DFGareth McAuleyWest Bromwich Albion
12%
DFGeoff CameronStoke City
12%
MFJack CorkSwansea City
12%
MFJason PuncheonCrystal Palace
12%
DFJonas OlssonWest Bromwich Albion
12%
DFMartin OlssonNorwich City
12%
MFMatt RitchieBournemouth
12%
DFRamiro Funes MoriEverton
12%
GKRob ElliotNewcastle United
12%
STStéphane SessègnonWest Bromwich Albion
12%
MFYohan CabayeCrystal Palace
12%
DFAly CissokhoAston Villa
10%
MFBen WatsonWatford
10%
GKBoaz MyhillWest Bromwich Albion
10%
STCameron JeromeNorwich City
10%
DFChancel MbembaNewcastle United
10%
MFIbrahim AfellayStoke City
10%
STScott SinclairAston Villa
10%
MFWayne RoutledgeSwansea City
10%
MFWes HoolahanNorwich City
10%
MFAshley WestwoodAston Villa
8%
DFDamien DelaneyCrystal Palace
8%
MFDan GoslingBournemouth
8%
MFJames McCleanWest Bromwich Albion
8%
MFJonny HowsonNorwich City
8%
MFLeandro BacunaAston Villa
8%
MFLeon BrittonSwansea City
8%
DFMiguel BritosWatford
8%
MFNathan RedmondNorwich City
8%
DFSébastien BassongNorwich City
8%
DFYounes KaboulSunderland
8%
MFAlexander TetteyNorwich City
6%
DFDeAndre YedlinSunderland
6%
MFJordan VeretoutAston Villa
6%
DFPape SouareCrystal Palace
6%
DFRyan BennettNorwich City
6%
MFVurnon AnitaNewcastle United
6%
MFYann M'VilaSunderland
6%
DFAllan NyomWatford
4%
MFKi Sung-YuengSwansea City
4%
MFRobbie BradyNorwich City
4%
MFAlmen AbdiWatford
2%
MFJan KirchhoffSunderland
2%
MFJosé Manuel JuradoWatford
2%
DFPhilipp WollscheidStoke City
2%

Score Distribution

Percentile by Number Answered

Percent of People with Each Score

Your Score History

You have not taken this quiz since the last reset